00298 a2200133 450000100060000002000180000604000240002410000210004824000270006924500220009630000060011836200090012465000310013310798 a9788516099725 cAnchieta - Aquarius aCarrasco, Walcyr10aA estrela curiosalpor10aA estrela curiosa a 0 a2015 4aLiteratura infanto-juvenil